Normal view
MARC view
- Guyon , Rene
Entry Personal Name
001 - CONTROL NUMBER
- control field: 104832
003 - CONTROL NUMBER IDENTIFIER
- control field: NUST
005 - DATE AND TIME OF LATEST TRANSACTION
- control field: 20221214134448.0
008 - FIXED-LENGTH DATA ELEMENTS
- fixed length control field: 221214|| aca||aabn | a|a d
040 ## - CATALOGING SOURCE
- Original cataloging agency: NUST
- Transcribing agency: NUST
100 ## - HEADING--PERSONAL NAME
- Personal name: Guyon , Rene
670 ## - SOURCE DATA FOUND
- Source citation: Work cat.: (NUST)184708: Guyon , Rene, Sex Life & Sex Ethics /1933, 1933
